GDP EU Countries - Statistics

General Stats
  • This quiz has been taken 53 times
  • The average score is 22 of 27
Answer Stats
GDP (B€) % Answers % Correct
2639,092 16,59 France
100%
3 876,81 24,37 Germany
100%
1946,479 12,24 Italy
100%
958,549 6,03 Netherlands
100%
1346,377 8,46 Spain
100%
654,594 4,12 Poland
98%
554,044 3,48 Belgium
93%
563,03 3,54 Sweden
93%
506,282 3,18 Ireland
86%
447,218 2,81 Austria
81%
380,618 2,39 Denmark
81%
285,885 1,80 Romania
81%
17,45 0,11 Malta
79%
27,777 0,17 Cyprus
76%
276,229 1,74 Czechia
76%
206,62 1,30 Greece
74%
242,341 1,52 Portugal
74%
57,038 0,36 Slovenia
74%
85,801 0,54 Bulgaria
71%
67,989 0,43 Croatia
71%
36,011 0,23 Estonia
71%
268,411 1,69 Finland
71%
38,87 0,24 Latvia
71%
67,399 0,42 Lithuania
71%
168,865 1,06 Hungary
69%
77,529 0,49 Luxembourg
69%
109,645 0,69 Slovakia
69%
No matching quizzes found
Score Distribution
Percent of People with Each Score
Percentile by Number Answered
Your Score History
You have not taken this quiz